Multiplication 12 x 12 aléatoire - une minute sprint - Statistiques

Statistiques générales
  • Ce quiz a été pris 403 fois
  • Le résultat moyen est 27 sur 40
Statistiques - réponses
problème solution % Correct
10 x 4 40
100%
8 x 5 40
80%
7 x 6 42
75%
9 x 7 63
69%
9 x 9 81
69%
8 x 7 56
67%
11 x 11 121
64%
5 x 3 15
62%
6 x 6 36
58%
7 x 7 49
58%
12 x 10 120
57%
9 x 5 45
55%
10 x 9 90
55%
9 x 2 18
54%
6 x 3 18
54%
10 x 3 30
54%
12 x 3 36
54%
8 x 4 32
53%
4 x 3 12
50%
5 x 5 25
50%
9 x 3 27
50%
9 x 8 72
50%
4 x 2 8
50%
11 x 8 88
50%
4 x 4 16
47%
5 x 4 20
46%
7 x 4 28
46%
10 x 7 70
46%
5 x 2 10
45%
2 x 2 4
45%
11 x 5 55
45%
11 x 7 77
45%
12 x 12 144
43%
10 x 5 50
43%
12 x 9 108
42%
12 x 11 132
42%
10 x 2 20
42%
11 x 9 99
42%
10 x 10 100
40%
6 x 2 12
40%
7 x 2 14
40%
8 x 3 24
40%
11 x 4 44
40%
3 x 2 6
40%
8 x 8 64
40%
3 x 3 9
40%
8 x 2 16
38%
6 x 5 30
38%
9 x 6 54
38%
11 x 2 22
36%
6 x 4 24
36%
11 x 6 66
36%
10 x 8 80
36%
12 x 2 24
33%
12 x 6 72
33%
12 x 8 96
33%
9 x 4 36
31%
7 x 3 21
29%
12 x 5 60
27%
10 x 6 60
27%
11 x 10 110
22%
7 x 5 35
20%
8 x 6 48
20%
11 x 3 33
17%
12 x 7 84
17%
12 x 4 48
15%
Aucun quiz correspondant
Distribution des résultats
% des personnes avec chaque résultat
Percentile par nombre de réponses
Votre historique - résultats
Vous n’avez pas pris ce quiz